000 00819nam a2200277Ia 4500
003 OSt
005 20220918231913.0
006 a|||||r|||| 00| 0
007 ta
008 220917b |||||||| |||| 00| 0 eng d
024 _a352,007
037 _cTextual
040 _aARTS
_cARTS
_beng
041 _2eng
_aeng
082 _aBk, F7
100 _aBurkhardt H
_9155945
245 0 _aEncyklopadie der mathematischen wissenschaften
_b Mit einschluss ihrer anwendungen
260 _aLeipzig
_bVerlag und druck von R G Teubner
_c1927
300 _a1190-1648
_ccm.
650 _aMATHEMATICS
_92141
700 _a Fricke R
_9155946
700 _a Hilb E
_9155947
700 _a Wirtinger W
_9155948
942 _hBk, F7
_cTEXL
_2CC
999 _c292621
_d292621